[Event "Hoogovens-B"]
[Site "Wijk aan Zee"]
[Date "1975.??.??"]
[Round "8"]
[White "Sznapik, Aleksander"]
[Black "Sigurjonsson, Gudmundur"]
[Result "1-0"]
[WhiteElo "2330"]
[BlackElo "2475"]

1.e4 c5 2.Nf3 e6 3.d4 cxd4 4.Nxd4 a6 5.Bd3 Nf6 6.O-O Qc7 7.Be3 d6 8.f4 Nbd7
9.Nd2 b6 10.Qe2 Bb7 11.Kh1 Be7 12.Rae1 h5 13.Bf2 h4 14.Kg1 h3 15.g4 e5 16.Nf5 exf4
17.Nxe7 Kxe7 18.Bd4 g5 19.e5 dxe5 20.Bxe5 Nxe5 21.Qxe5+ Qxe5 22.Rxe5+ Kd7
23.Rxg5 Rag8 24.Rxg8 Rxg8 25.Rxf4 Ke6 26.Bf5+ Ke5 27.Rb4 Nd5 28.Re4+ Kf6
29.Kf2 Ne7 30.Rf4 Nxf5 31.Rxf5+ Ke7 32.Nf3 Bc8 33.Re5+ Kd6 34.Rg5 Rxg5 35.Nxg5 Bxg4
36.Nxf7+ Kc5 37.Ke3 Be6 38.Ng5 Bxa2 39.Nxh3 Bg8 40.Ng5 Kd5 41.h4 Ke5 42.h5 Kf6
43.Ne4+ Kg7 44.Nd6 Kh6 45.Kd4 Be6 46.Nc4 b5 47.Nd6 Bg4 48.Kc5 Bxh5 49.b4 Kg5
50.Kb6 Kf4 51.Kxa6 Ke5 52.Nxb5 Kd5 53.Na3 Kd4 54.c4 Kc3 55.b5 Kb4 56.b6 Bf3
57.b7  1-0

[Event "Capablanca mem-C 13th"]
[Site "Cienfuegos"]
[Date "1976.05.19"]
[Round "3"]
[White "Castro Rojas, Oscar Humberto"]
[Black "Gutierrez, Jose Antonio"]
[Result "1-0"]
[WhiteElo "2380"]
[BlackElo "2320"]

1.e4 c5 2.Nf3 e6 3.d4 cxd4 4.Nxd4 a6 5.Bd3 Qc7 6.O-O Nc6 7.Nxc6 dxc6 8.Nd2 Bd6
9.h3 Ne7 10.a4 Ng6 11.a5 O-O 12.Nc4 Bc5 13.e5 Rd8 14.Qe2 f5 15.exf6 gxf6
16.Be3 Bxe3 17.fxe3 Kg7 18.Qh5 Qe7 19.Nb6 Rb8 20.Ra4 f5 21.e4 f4 22.e5 Rf8
23.Kh1 c5 24.Bxg6 hxg6 25.Qg4 Bd7 26.Raxf4 Rf5 27.Nxd7 Qxd7 28.Rxf5 exf5
29.Qg5 Qe6 30.Rd1 Qxe5 31.Rd7+ Kf8 32.Qxg6 Qe1+ 33.Kh2 Qe5+ 34.Qg3 f4 35.Qf3 Qe6
36.Rd3 Qe5 37.Rd5 Qf6 38.Qg4 Ke7 39.Qd7+  1-0

[Event "Capablanca mem-A 13th"]
[Site "Cienfuegos"]
[Date "1976.05.24"]
[Round "8"]
[White "Sigurjonsson, Gudmundur"]
[Black "Peev, Peicho Chonev"]
[Result "1/2-1/2"]
[WhiteElo "2530"]
[BlackElo "2430"]

1.e4 c5 2.Nf3 e6 3.d4 cxd4 4.Nxd4 a6 5.Bd3 Nf6 6.O-O d6 7.f4 Nbd7 8.Kh1 Qc7
9.Qe2 Be7 10.Nd2 O-O 11.N2b3 g6 12.Nf3 e5 13.fxe5 dxe5 14.Bh6  1/2-1/2

[Event "Capablanca mem-C 13th"]
[Site "Cienfuegos"]
[Date "1976.05.29"]
[Round "13"]
[White "Castro Rojas, Oscar Humberto"]
[Black "Jimenez Zerquera, Eleazar"]
[Result "1/2-1/2"]
[WhiteElo "2380"]
[BlackElo "2375"]

1.e4 c5 2.Nf3 e6 3.d4 cxd4 4.Nxd4 a6 5.Bd3 Nc6 6.Nxc6 dxc6 7.Nd2 Qc7 8.O-O e5
9.a4 Nf6 10.a5 Be6 11.Qe2 Bc5 12.Bc4 Qe7 13.Nb3 Ba7 14.Ra4 O-O 15.Be3 Bxe3
16.Qxe3 Bxc4 17.Rxc4 Rfd8 18.Nc5 Ne8 19.Nd3 f6 20.h3 Nc7 21.f4 exf4 22.Qxf4 Nb5
23.Qh4 Rd7 24.Qg4 Rd4 25.Rxd4 Nxd4 26.e5 fxe5 27.Re1 Qd6 28.Rxe5 Rf8 29.Qe4 g6
30.c3 Nf5 31.Qc4+ Kg7 32.Qe4 Kg8 33.Nc5 Rf7 34.Re8+ Kg7 35.Ne6+ Kf6 36.Nf4 Re7
37.Rxe7 Qxe7 38.Qxe7+ Kxe7 39.Kf2 Kd6 40.Nd3 Kd5 41.b3 c5 42.Nf4+ Ke5 43.Nd3+ Kd5
44.Nf4+ Ke5 45.Nd3+  1/2-1/2

[Event "Capablanca mem-A 13th"]
[Site "Cienfuegos"]
[Date "1976.06.01"]
[Round "16"]
[White "Hedman Senarega, Jose Antonio"]
[Black "Peev, Peicho Chonev"]
[Result "0-1"]
[WhiteElo "2375"]
[BlackElo "2430"]

1.e4 c5 2.Nf3 e6 3.d4 cxd4 4.Nxd4 a6 5.Bd3 Nf6 6.O-O d6 7.c4 Be7 8.Nc3 Qc7
9.Be3 Nbd7 10.Rc1 b6 11.f3 Bb7 12.Qe1 O-O 13.Qf2 Rac8 14.Rfd1 Qb8 15.b3 Rfe8
16.g4 g6 17.Nde2 Bd8 18.Nf4 Bc7 19.g5 d5 20.Qh4 d4 21.gxf6 dxe3 22.Nh5 Kh8
23.Be2 Rcd8 24.Ng7 Rf8 25.f4 Bxf4 26.Rf1 Be5 27.Rf3 Bxf6 28.Rxf6 Kxg7 29.Rf3 h6
30.Rcf1 g5 31.Qg3 f5 32.Qxb8 Rxb8 33.Rxe3 f4 34.Rd3 Ne5 35.Rd6 Bc8 36.Na4 f3
37.Bd1 b5 38.Nc5 Rf6 39.cxb5 axb5 40.Nd3 Nxd3 41.Rxd3 g4 42.b4 Bb7 43.e5 Rf5
44.h3 h5 45.Kf2 Rxe5 46.hxg4 hxg4 47.Rg1 Re4 48.Rxf3 Rxb4 49.Re3 Rf8+ 50.Ke1 Rff4
51.Rxe6 Kf7 52.Re3 Bd5 53.Bb3 Bxb3 54.Rxb3 Rxb3 55.axb3 Kf6 56.Ke2 Kg5 57.Rc1 g3
58.Rc5+ Kh4 59.Rc8 g2  0-1

[Event "DDR-ch 25th"]
[Site "Groeditz"]
[Date "1976.??.??"]
[Round "7"]
[White "Boensch, Uwe"]
[Black "Hesse, Peter"]
[Result "1-0"]
[WhiteElo "2265"]
[BlackElo "2385"]

1.e4 c5 2.Nf3 e6 3.d4 cxd4 4.Nxd4 a6 5.Bd3 Nf6 6.O-O Qc7 7.c4 d6 8.Nc3 Nbd7
9.Be2 b6 10.Be3 Bb7 11.f3 Be7 12.Rc1 O-O 13.b4 Rac8 14.Qb3 Rfe8 15.Kh1 Qb8
16.a3 Bf8 17.Rfd1 Ne5 18.Na4 Ned7 19.Nc3 Ne5 20.Bf1 Rcd8 21.Na4 d5 22.exd5 exd5
23.Nxb6 dxc4 24.Nxc4 Nd5 25.Bf2 Nxc4 26.Rxc4 Qd6 27.Nf5 Qf6 28.Bd3 g6 29.Bh4 Qb6
30.Bxd8 Rxd8 31.Rd4 gxf5 32.Bc4 Bg7 33.R4d3 Qh6 34.Bxd5 Be5 35.g3 Bxg3 36.Qb2 Bxd5
37.Rxd5 Re8 38.Rd8 Kf8  1-0

[Event "DDR-ch 25th"]
[Site "Groeditz"]
[Date "1976.??.??"]
[Round "12"]
[White "Rossmann, Helmut"]
[Black "Hesse, Peter"]
[Result "1/2-1/2"]
[WhiteElo "2280"]
[BlackElo "2385"]

1.e4 c5 2.Nf3 e6 3.d4 cxd4 4.Nxd4 a6 5.Bd3 Nf6 6.O-O Qc7 7.c4 d6 8.Nc3 Nbd7
9.Be3 Ne5 10.Be2 b6 11.Rc1 Bb7 12.f4 Ned7 13.Bf3 Be7 14.f5 e5 15.Nd5 Qd8
16.Nc2 Nxd5 17.cxd5 a5 18.Bf2 O-O 19.g3 Nc5 20.h4 Ba6 21.Be2 Nxe4 22.Bxa6 Nxf2
23.Rxf2 Rxa6 24.Ne3 Ra7 25.Qd3 a4 26.Rc4 Re8 27.Kg2 Bf6 28.Qe4 b5 29.Rc6 Rb7
30.Rfc2 Qb8 31.Kh3 Rd7  1/2-1/2

[Event "DSV-Turnier"]
[Site "Halle"]
[Date "1976.??.??"]
[Round "?"]
[White "Rodriguez, Amador"]
[Black "Vaisman, Volodia"]
[Result "1-0"]
[WhiteElo "2405"]
[BlackElo "2485"]

1.e4 e6 2.d4 c5 3.Nf3 cxd4 4.Nxd4 a6 5.Bd3 g6 6.c4 Bg7 7.Nc2 Ne7 8.Nc3 d5
9.cxd5 exd5 10.Bg5 d4 11.Nd5 Nbc6 12.Qd2 h6 13.Bf6 Bxf6 14.Nxf6+ Kf8 15.f4 Kg7
16.e5 Nd5 17.Nxd5 Qxd5 18.O-O Rd8 19.Rf3 Ne7 20.Qb4 Nf5 21.Rd1 Nh4 22.Rg3 Bf5
23.Bxf5 Nxf5 24.Rgd3 Qxa2 25.g4 Rac8 26.gxf5 Rxc2 27.Qe7 Rxb2 28.Qf6+ Kh7
29.fxg6+ fxg6 30.Qe7+ Kh8 31.Qxd8+ Kh7 32.Qe7+ Kh8 33.Rg3 g5 34.Qf8+  1-0

[Event "Lone Pine"]
[Site "Lone Pine"]
[Date "1976.??.??"]
[Round "7"]
[White "Commons, Kim S"]
[Black "Najdorf, Miguel"]
[Result "0-1"]
[WhiteElo "2420"]
[BlackElo "2510"]

1.e4 c5 2.Nf3 e6 3.d4 cxd4 4.Nxd4 a6 5.Bd3 Nf6 6.O-O d6 7.c4 b6 8.Nc3 Bb7
9.Qe2 Be7 10.f4 Nbd7 11.Kh1 Qc7 12.Bd2 O-O 13.Rac1 Rfe8 14.b4 Rac8 15.a3 Bf8
16.Nf3 Qb8 17.Rce1 g6 18.Ng5 e5 19.f5 Bg7 20.Qf2 Rf8 21.Qh4 h6 22.Nh3 g5
23.Nxg5 hxg5 24.Bxg5 Rfe8 25.Re3 Kf8 26.g4 Ke7 27.Bxf6+ Bxf6 28.g5 Rh8 29.gxf6+ Nxf6
30.Qe1 b5 31.cxb5 axb5 32.Rg1 Qa8 33.Nxb5 d5 34.Rg7 dxe4 35.Bf1 Rc2 36.h3 Qd8
37.Qg3 Kf8 38.Qg5 Qb6 39.a4 Rc1 40.a5 Rxf1+ 41.Kg2 Qd8 42.Kxf1 Ba6 43.Ke1 Bxb5
44.Rg3 Qe7 45.Rc3 Be8 46.Rc5 Qd6 47.Qg2 e3 48.Rg3 Qd4 49.Rc8 Qxb4+ 50.Kf1 Qb1+
51.Ke2 Qxf5 52.Ra8 Nd5 53.Qxd5 Qf2+ 54.Kd3 Qd2+ 55.Kc4 Rh4+ 56.Kc5 Qb4+  0-1

[Event "Majdanpek"]
[Site "Majdanpek"]
[Date "1976.??.??"]
[Round "11"]
[White "Planinec, Albin"]
[Black "Honfi, Karoly"]
[Result "0-1"]
[WhiteElo "2485"]
[BlackElo "2460"]

1.e4 c5 2.Nf3 e6 3.d4 cxd4 4.Nxd4 a6 5.Bd3 g6 6.b3 Bg7 7.Bb2 Qb6 8.c3 Nc6
9.Nxc6 bxc6 10.O-O Ne7 11.Qe2 c5 12.b4 d6 13.Nd2 O-O 14.Nc4 Qc7 15.bxc5 dxc5
16.e5 Rd8 17.Rad1 Bd7 18.f4 Ba4 19.Rd2 Nd5 20.Qf2 Rab8 21.Ba3 Nxc3 22.Nd6 c4
23.Bxc4 Nb1 24.Rd3 Nxa3 25.Rxa3 Rxd6 26.Rxa4 Rc6 27.Bb3 Bf8 28.Qe2 Qb6+ 29.Kh1 Bb4
30.h4 h5 31.Rd1 a5 32.a3 Be7 33.Bc2 Rc3 34.Rb1 Qc7 35.Rxb8+ Qxb8 36.Rxa5 Bxh4
37.Rb5 Qc7 38.Bd3 Bg3  0-1

[Event "Kringsja"]
[Site "Oslo"]
[Date "1976.??.??"]
[Round "5"]
[White "Barda, Yngvar"]
[Black "Harestad, Thor Geir"]
[Result "1-0"]
[WhiteElo "2240"]
[BlackElo "2320"]

1.e4 c5 2.Nf3 e6 3.d4 cxd4 4.Nxd4 a6 5.Bd3 Nc6 6.Be3 Nf6 7.O-O Qc7 8.Nc3 h5
9.h3 Be7 10.Nb3 b5 11.a4 b4 12.Ne2 Ne5 13.Bf4 Bb7 14.f3 Rg8 15.Qd2 g5 16.Bh2 g4
17.Kh1 gxh3 18.gxh3 Rc8 19.Qe3 d5 20.exd5 Nxd5 21.Qxe5 Qxe5 22.Bxe5 Ne3 23.Rg1 Bxf3+
24.Kh2 Kd7 25.Ned4 Bd5 26.Bxa6 Rcf8 27.Bb5+ Kc8 28.Ba6+ Kd7 29.Bb5+ Kc8 30.Nc6 Bh4
31.Bd6 Bg5 32.Ne7+ Bxe7 33.Bxe7 Rxg1 34.Rxg1 Rh8 35.Bf6 Rf8 36.Nc5 Nxc2 37.Nd7  1-0

[Event "Vitrobud op"]
[Site "Sandomierz"]
[Date "1976.??.??"]
[Round "3"]
[White "Bielczyk, Jacek"]
[Black "Vaisman, Volodia"]
[Result "1/2-1/2"]
[WhiteElo "2375"]
[BlackElo "2485"]

1.e4 c5 2.Nf3 e6 3.d4 cxd4 4.Nxd4 a6 5.Bd3 g6 6.O-O Bg7 7.c3 Nc6 8.Nb3 d5
9.exd5 exd5 10.Bf4 Nge7 11.N1d2 O-O 12.Nf3 Bf5 13.Re1 a5 14.Nbd4 Bxd3 15.Qxd3 Nxd4
16.Nxd4 Nc6 17.Nb5 d4 18.cxd4 Nxd4 19.Rad1 Nxb5 20.Qxb5 Qf6  1/2-1/2

[Event "SWE-ch"]
[Site "SWE"]
[Date "1976.??.??"]
[Round "?"]
[White "Hansson, Dan"]
[Black "Lekander, Rolf"]
[Result "1/2-1/2"]
[WhiteElo "2290"]
[BlackElo "2305"]

1.e4 c5 2.Nf3 e6 3.d4 cxd4 4.Nxd4 a6 5.Bd3 g6 6.O-O Bg7 7.c3 Nc6 8.Be3 Nge7
9.Nd2 O-O 10.Qe2 d5 11.Rad1 Bd7 12.N2b3 Rc8 13.Nc5 Nxd4 14.Bxd4 Bxd4 15.cxd4 Bc6
16.e5 a5 17.Rc1 b6 18.Nb3 Bb7 19.Qe3 Rxc1 20.Rxc1 Qd7 21.Nd2 Rc8 22.Rxc8+ Qxc8
23.Nf3 Ba6 24.Bxa6 Qxa6 25.Qg5 Qc8 26.h4 Qf8 27.h5 h6 28.Qc1 gxh5 29.Qc7 Nf5
30.Qxb6 Qc8 31.g3 a4 32.Kg2 Qc2 33.Qd8+ Kh7 34.Qf8 Ne3+ 35.Kh1 Qf5 36.fxe3 Qxf3+
37.Kh2 Qf2+ 38.Kh3 Qf1+ 39.Kh2  1/2-1/2

[Event "Balkaniad tt"]
[Site "Albena"]
[Date "1977.??.??"]
[Round "?"]
[White "Matulovic, Milan"]
[Black "Gheorghiu, Florin"]
[Result "1/2-1/2"]
[WhiteElo "2510"]
[BlackElo "2545"]

1.e4 c5 2.Nf3 e6 3.d4 cxd4 4.Nxd4 a6 5.Bd3 Nf6 6.O-O d6 7.c4 Be7 8.Nc3 O-O
9.Be3 Nbd7 10.Rc1 Re8 11.f4 Bf8 12.Qa4 g6 13.Nf3 b6 14.e5 Ng4  1/2-1/2

[Event "IBM-B"]
[Site "Amsterdam"]
[Date "1977.??.??"]
[Round "10"]
[White "Diesen, Mark C"]
[Black "Popov, Luben"]
[Result "1/2-1/2"]
[WhiteElo "2360"]
[BlackElo "2410"]

1.e4 c5 2.Nf3 e6 3.d4 cxd4 4.Nxd4 a6 5.Bd3 g6 6.O-O Bg7 7.Be3 d6 8.c4 Nf6
9.Nc3 O-O 10.Re1 b6 11.f3 Bb7 12.Bf1 Nbd7 13.Qd2 Qc7 14.Rac1 Rfe8 15.Red1 Rad8
16.b4 Qb8 17.Na4 Bf8 18.Qf2 Rc8 19.Nb3 d5 20.exd5 Bxb4 21.Nxb6 Nxb6 22.Bxb6 exd5
23.Bd4 dxc4 24.Bxc4 Rc6 25.Qh4 Nh5 26.Bb2 Be7 27.Qf2 Qc7 28.Bd5 Rxc1 29.Rxc1 Qd7
30.Bxb7 Qxb7 31.Re1 Rd8 32.Na5 Qc7 33.Nc6 Qxc6 34.Rxe7 Nf4 35.h3 Nd3 36.Qa7 Nxb2
37.Rxf7 Qc1+ 38.Kh2 Qc3 39.Qe7 Rc8 40.Rxh7 Rf8 41.Rh4  1/2-1/2

[Event "URS-FL"]
[Site "Baku"]
[Date "1977.??.??"]
[Round "4"]
[White "Razuvaev, Yuri S"]
[Black "Kochyev, Alexander"]
[Result "0-1"]
[WhiteElo "2510"]
[BlackElo "2490"]

1.e4 c5 2.Nf3 e6 3.d4 cxd4 4.Nxd4 a6 5.Bd3 Ne7 6.O-O Nec6 7.c3 g6 8.Nd2 Bg7
9.N2f3 O-O 10.Bg5 Qb6 11.Nb3 d5 12.Re1 dxe4 13.Bxe4 h6 14.Be3 Qc7 15.Qc1 Kh7
16.Bc5 Rd8 17.Rd1 b6 18.Rxd8 Qxd8 19.Ba3 f5 20.Bc2 Ra7 21.Qe3 e5 22.Rd1 Rd7
23.Rxd7 Nxd7 24.h3 e4 25.Nfd4 Nde5 26.Nxc6 Nxc6 27.Nd2 Ne5 28.Bb3 b5 29.f3 Nd3
30.fxe4 b4 31.Bd5 fxe4 32.Bxe4 bxa3 33.Qxd3 Qxd3 34.Bxd3 axb2 35.Nb1 Be6
36.c4 Bd4+ 37.Kf1 Kg7 38.Ke2 Kf6 39.Nd2 g5 40.g4 Ke5 41.Kf3 Bc3  0-1

[Event "SVK-ch"]
[Site "Detva"]
[Date "1977.??.??"]
[Round "12"]
[White "Petrik, Stanislav"]
[Black "Banas, Jan"]
[Result "1/2-1/2"]
[WhiteElo "2145"]
[BlackElo "2330"]

1.e4 c5 2.Nf3 e6 3.d4 cxd4 4.Nxd4 a6 5.Bd3 g6 6.O-O Bg7 7.Nf3 Nc6 8.c3 Nge7
9.Be3 O-O 10.Nbd2 d5 11.exd5 exd5 12.Qb3 d4 13.Nxd4 Nxd4 14.Bxd4 Bxd4 15.cxd4 Qxd4
16.Nf3 Qf6 17.Rfe1 b5 18.a4 Be6 19.Qb4 Rfd8 20.Bf1 Nc6 21.Qc5 Rac8 22.axb5 axb5
23.Qxb5 Bd5 24.Ra6 Bxf3 25.gxf3 Qxf3 26.Bg2 Nd4 27.Bxf3 Nxb5 28.Re7 Kg7 29.Kg2 Rc2
30.Rb6 Nd6 31.Bd5 Rd2 32.Bf3 Nf5 33.Re4 Rc2 34.Re2 Nh4+ 35.Kg3 Nf5+ 36.Kg2 Nh4+
37.Kg3  1/2-1/2

[Event "DSV-Turnier"]
[Site "Leipzig"]
[Date "1977.??.??"]
[Round "11"]
[White "Bueno Perez, Lazaro"]
[Black "Hesse, Peter"]
[Result "1/2-1/2"]
[WhiteElo "2320"]
[BlackElo "2415"]

1.e4 c5 2.Nf3 e6 3.d4 cxd4 4.Nxd4 a6 5.Bd3 Nf6 6.O-O d6 7.Qe2 Be7 8.Bg5 Bd7
9.Nd2 Nc6 10.c3 b5 11.a4 O-O 12.axb5 Nxd4 13.cxd4 axb5 14.Rxa8 Qxa8 15.e5 dxe5
16.dxe5 Nd5 17.Qe4 g6 18.Bxe7 Nxe7 19.Qh4 Nf5 20.Bxf5 exf5 21.Nf3 Qd8 22.Ng5 h5
23.Rd1 Qe7 24.Qg3 Re8 25.h4 Kg7 26.Rd6 Be6 27.Nxe6+ fxe6 28.Qd3 Qxh4 29.Qxb5 Re7
30.Rd7 Kh6 31.g3 Qg5 32.Rxe7 Qxe7 33.b4 Qd8 34.Qc4 Qd1+ 35.Kg2 Qb1 36.b5 Kg7
37.Qc7+ Kh6 38.Qc6 h4 39.gxh4 Qb4 40.Kg1 Qe1+ 41.Kg2 Qb4 42.Qc1+ Kg7 43.Qc7+ Kh6  1/2-1/2

[Event "Lone Pine"]
[Site "Lone Pine"]
[Date "1977.??.??"]
[Round "9"]
[White "Verduga, Denis Homero"]
[Black "Evans, Larry Melvyn"]
[Result "1/2-1/2"]
[WhiteElo "2300"]
[BlackElo "2555"]

1.e4 c5 2.Nf3 e6 3.d4 cxd4 4.Nxd4 a6 5.Bd3 Qc7 6.O-O Nf6 7.Qe2 Nc6 8.Nxc6 dxc6
9.Kh1 e5 10.Nd2 Be7 11.a4  1/2-1/2

[Event "Marshall CC"]
[Site "New York"]
[Date "1977.??.??"]
[Round "?"]
[White "Mednis, Edmar John"]
[Black "Shamkovich, Leonid"]
[Result "0-1"]
[WhiteElo "2430"]
[BlackElo "2485"]

1.e4 c5 2.Nf3 e6 3.d4 cxd4 4.Nxd4 a6 5.Bd3 Nf6 6.O-O d6 7.c4 Nc6 8.Nxc6 bxc6
9.Nc3 Be7 10.b3 O-O 11.Bb2 e5 12.Qe2 Nd7 13.Na4 Nb6 14.Nxb6 Qxb6 15.Kh1 Be6
16.Rac1 Qc5 17.Bc3 a5 18.Qb2 f6 19.Qe2 Qa7 20.f4 Rfd8 21.c5 exf4 22.cxd6 Bxd6
23.Bd2 Rac8 24.Bxf4 Bxf4 25.Rxf4 Qd4 26.Ba6 Rc7 27.Rff1 Qe5 28.Rfd1 Rcd7
29.Rxd7 Rxd7 30.h3 Rd4 31.Bc4 Rxe4 32.Bxe6+ Qxe6 33.Qd3 h6 34.Qd8+ Kh7 35.Qxa5 Re2
36.Rf1 Kg6 37.Qc3 Rxa2 38.Rc1 Re2 39.Qd3+ Kf7 40.Ra1 Re1+ 41.Rxe1 Qxe1+ 42.Kh2 Qe5+
43.Kh1 Qd5 44.Qg3 g5 45.Qc7+ Ke6 46.Qc8+ Ke5 47.Qc7+ Kd4 48.Qe7 f5 49.Qf6+ Ke3
50.Kh2 Qe4 51.Qc3+ Ke2 52.b4 Qd5 53.Qb2+ Kd3 54.Qf6 Ke2 55.Qb2+ Qd2 56.Qe5+ Qe3
57.Qb2+ Qd2 58.Qe5+ Kf1 59.Qxf5+ Qf4+ 60.Qxf4+ gxf4 61.h4  0-1

[Event "Piriapolis"]
[Site "Piriapolis"]
[Date "1977.??.??"]
[Round "6"]
[White "Rivera, Do"]
[Black "Silva Nazzari, Roberto"]
[Result "1/2-1/2"]
[WhiteElo "2200"]
[BlackElo "2275"]

1.Nf3 c5 2.e4 e6 3.d4 cxd4 4.Nxd4 a6 5.Bd3 d6 6.O-O Nf6 7.Be3 Be7 8.Nc3 Qc7
9.f4 Nc6 10.Qf3 Bd7 11.Nb3 Nb4 12.a3 Nxd3 13.cxd3 Bc6 14.Nd4 Nd7 15.b4 Rc8
16.Rac1 Qd8 17.Qg3 O-O 18.f5 e5 19.f6 Bxf6 20.Nf5 Kh8 21.Nxd6 Ra8 22.a4 b6
23.b5 axb5 24.axb5 Nc5 25.Bxc5 bxc5 26.Nc4 Bb7 27.Kh1 Qc7 28.b6 Qd8 29.Nxe5  1/2-1/2

[Event "Rubinstein mem"]
[Site "Polanica Zdroj"]
[Date "1977.??.??"]
[Round "5"]
[White "Pokojowczyk, Jerzy"]
[Black "Torre, Eugenio"]
[Result "1-0"]
[WhiteElo "2345"]
[BlackElo "2550"]

1.e4 c5 2.Nf3 e6 3.d4 cxd4 4.Nxd4 a6 5.Bd3 g6 6.c4 Bg7 7.Be3 Nc6 8.Nxc6 bxc6
9.Nc3 Rb8 10.Qd2 Nf6 11.O-O Ng4 12.Bf4 e5 13.Bg5 f6 14.Bh4 g5 15.Be2 h5 16.Bg3 d6
17.h3 h4 18.Bh2 Nxh2 19.Kxh2 Bf8 20.b3 Qa5 21.Qd3 Be7 22.Nd1 O-O 23.Ne3 Be6
24.Bg4 Bxg4 25.Nxg4 Qc7 26.Qf3 Kg7 27.Ne3 Rh8 28.Rad1 Rbd8 29.Rd3 Rh7 30.Rfd1 Kg8
31.R1d2 Rf7 32.Nf5 Bf8 33.Qh5 Rdd7 34.Qg6+ Kh8 35.Nxd6 Bxd6 36.Rxd6 Rxd6
37.Rxd6 Qxd6 38.Qxf7 c5 39.Kg1 Qd1+ 40.Kh2 Qd6 41.Qd5 Qb6 42.g3 Qa5 43.Qf7 hxg3+
44.Kxg3 Qxa2 45.Qxf6+ Kh7 46.Kg4 Qxb3 47.Qf7+ Kh8 48.Qh5+ Kg8 49.Qxg5+ Kh7
50.Qf5+ Kg8 51.Qg6+ Kh8 52.Qh6+ Kg8 53.Qxa6 Qd1+ 54.f3 Qd7+ 55.Kg5 Qd2+ 56.Kh5 Qe2
57.Qg6+ Kh8 58.Qf6+ Kh7 59.Qf5+  1-0

[Event "Rubinstein mem"]
[Site "Polanica Zdroj"]
[Date "1977.??.??"]
[Round "14"]
[White "Diesen, Mark C"]
[Black "Lebredo, Gerardo"]
[Result "0-1"]
[WhiteElo "2360"]
[BlackElo "2385"]

1.e4 c5 2.Nf3 e6 3.d4 cxd4 4.Nxd4 a6 5.Bd3 Nf6 6.O-O d6 7.c4 Be7 8.Nc3 O-O
9.Qe2 b6 10.f4 Bb7 11.Kh1 Nc6 12.Be3 Nxd4 13.Bxd4 Nd7 14.Rad1 Qc7 15.Rc1 Rac8
16.Be3 Bf6 17.b4 Qb8 18.Bd2 Qa8 19.Rfe1 Rce8 20.Qf2 Qd8 21.Be3 Bh4 22.g3 Be7
23.a3 a5 24.Rb1 axb4 25.axb4 f5 26.Kg1 Bf6 27.Bd2 g6 28.Nb5 Qb8 29.exf5 gxf5
30.Re2 Ba8 31.h3 Bg7 32.Nd4 Bxd4 33.Qxd4 e5 34.Qf2 exf4 35.gxf4 Kf7 36.Qh4 Rg8+
37.Kf1 Rxe2 38.Qh5+ Rg6 39.Kxe2 Nf6 40.Qxf5 Qe8+ 41.Kd1 Qa4+ 42.Kc1 Qa3+
43.Rb2 Rg1+ 44.Kc2 Bc6 45.Bc1 Bd7 46.Qg5 Ba4+ 47.Kd2 Rd1+  0-1

[Event "Santos Lugares"]
[Site "Santos Lugares"]
[Date "1977.??.??"]
[Round "8"]
[White "Rubinetti, Jorge A"]
[Black "Panno, Oscar"]
[Result "1-0"]
[WhiteElo "2420"]
[BlackElo "2550"]

1.e4 c5 2.Nf3 e6 3.d4 cxd4 4.Nxd4 a6 5.Bd3 g6 6.c4 Bg7 7.Be3 Nf6 8.Nc3 d6
9.O-O O-O 10.Be2 b6 11.Qd2 Bb7 12.f3 Re8 13.Rfd1 Nbd7 14.Nc2 Bf8 15.Bf1 Rc8
16.Qf2 Qc7 17.Rac1 Be7 18.Rd2 Rb8 19.Kh1 Nh5 20.Rcd1 f5 21.exf5 gxf5 22.Nd4 Ng7
23.Qg3 Bf8 24.Ndb5 axb5 25.Nxb5 Qc6 26.Nxd6 Nf6 27.Nxe8 Rxe8 28.Qe5 Kf7 29.a3 Bc8
30.b4 Nd7 31.Qb2 e5 32.c5 bxc5 33.Bc4+ Kg6 34.b5 Qc7 35.Qc2 Nb6 36.Bf1 e4
37.fxe4 Rxe4 38.Bf2 Ne6 39.Bd3 Bb7 40.Bg3 Qc8 41.Bxe4 Bxe4 42.Qc3 c4 43.Bf2 Qc7
44.Bxb6 Qxb6 45.Qxc4 Kg5 46.a4 Nf4 47.Qb3 Ng6 48.Qg3+ Kh6 49.Rd7 Bb4 50.Qh3+ Kg5
51.Qg3+ Kh6 52.h4 Qf6 53.Qe3+ Kh5 54.Rxh7+ Kg4 55.Rf1  1-0

[Event "Hoogovens-B"]
[Site "Wijk aan Zee"]
[Date "1977.??.??"]
[Round "2"]
[White "Van der Sterren, Paul"]
[Black "Popov, Luben"]
[Result "1-0"]
[WhiteElo "2375"]
[BlackElo "2410"]

1.e4 c5 2.Nf3 e6 3.d4 cxd4 4.Nxd4 a6 5.Bd3 g6 6.O-O Bg7 7.c3 d6 8.Nd2 Ne7
9.a4 O-O 10.a5 e5 11.N4b3 Be6 12.Nc4 Nd7 13.Bg5 f6 14.Be3 Qc7 15.Nb6 Nxb6
16.axb6 Qd7 17.c4 Nc6 18.Na5 Nxa5 19.Rxa5 Rac8 20.b3 f5 21.f3 f4 22.Bf2 g5
23.c5 Rfd8 24.Bc4 Bxc4 25.bxc4 dxc5 26.Qxd7 Rxd7 27.Rxc5 Rxc5 28.Bxc5 Bf8
29.Bf2 Rd8 30.c5 Rc8 31.Rd1 Bxc5 32.Bxc5 Rxc5 33.Rd7 Rb5 34.Rxb7 a5 35.h4 gxh4
36.Kh2 a4 37.Kh3 a3 38.Kg4 a2 39.Ra7 Rxb6 40.Rxa2 Rf6 41.Ra5 Re6 42.Kf5 Rg6
43.Ra2 Rg3 44.Rf2 Rg7 45.Kxe5 Rf7 46.Rf1 Rg7 47.Rh1 Rxg2 48.Rxh4 Rf2 49.Kxf4 Kg7
50.Rh3 Kg6 51.Rg3+ Kf6 52.e5+ Kf7 53.Kf5 h5 54.Rh3 Kg7 55.f4 Kh6 56.e6  1-0

[Event "Hoogovens-B"]
[Site "Wijk aan Zee"]
[Date "1977.??.??"]
[Round "9"]
[White "Kupreichik, Viktor D"]
[Black "Popov, Luben"]
[Result "1-0"]
[WhiteElo "2490"]
[BlackElo "2410"]

1.e4 c5 2.Nf3 e6 3.d4 cxd4 4.Nxd4 a6 5.Bd3 Nc6 6.Be3 Nf6 7.Nc3 Qc7 8.O-O Bd6
9.Nxc6 bxc6 10.f4 e5 11.f5 Be7 12.Qf3 Bb7 13.Na4 O-O 14.Qg3 Kh8 15.Bb6 Qb8
16.Rae1 d6 17.b3 c5 18.Ba5 Bc6 19.Nc3 Bd8 20.Bxd8 Rxd8 21.Re2 Qb4 22.Bc4 Bb5
23.Nxb5 axb5 24.c3 Qa5 25.Bxf7 c4 26.Be6 cxb3 27.axb3 b4 28.cxb4 Qxb4 29.Qe3 Ng4
30.Qd3 h6 31.h3 Nf6 32.Kh2 Ra5 33.Rc1 d5 34.Rc4 Qb8 35.exd5 Ra1 36.Qg3 Qa7
37.Qe3 Qe7 38.Qxe5 Qa7 39.Re3 Rd1 40.Rc7 Qa6 41.Rxg7  1-0

[Event "Yerevan"]
[Site "Yerevan"]
[Date "1977.??.??"]
[Round "3"]
[White "Lutikov, Anatoly S"]
[Black "Akopian, Gagnik E"]
[Result "0-1"]
[WhiteElo "2540"]
[BlackElo "2335"]

1.e4 e6 2.d4 c5 3.Nf3 cxd4 4.Nxd4 a6 5.Bd3 Nc6 6.Nxc6 dxc6 7.O-O e5 8.f4 Nf6
9.Qe1 Ng4 10.Nc3 Bc5+ 11.Kh1 Qd4 12.Nd1 exf4 13.Bxf4 Be6 14.Qg3 O-O-O 15.Be2 h5
16.Bxg4 hxg4 17.Nc3 Bd6 18.e5 Bc7 19.Rae1 Rh5 20.Rd1 Qb4 21.Rxd8+ Bxd8 22.b3 Rf5
23.a3 Qd4 24.Ne2 Qe4 25.Re1 g5 26.Be3 Qxe5 27.Bg1 Bc7 28.Qc3 Qxc3 29.Nxc3 g3
30.Ne4 gxh2 31.Bxh2 Bxh2 32.Kxh2 Kc7 33.Rd1 Re5 34.Nf6 Re2 35.c4 Kb6 36.Rd3 a5
37.Nh7 Bf5  0-1

[Event "Yerevan"]
[Site "Yerevan"]
[Date "1977.??.??"]
[Round "6"]
[White "Akopian, Gagnik E"]
[Black "Averkin, Orest N"]
[Result "0-1"]
[WhiteElo "2335"]
[BlackElo "2455"]

1.e4 c5 2.Nf3 e6 3.d4 cxd4 4.Nxd4 a6 5.Bd3 Bc5 6.Nb3 Ba7 7.O-O Nc6 8.Kh1 Nf6
9.f4 d6 10.Qf3 Qc7 11.Qg3 Kf8 12.Nc3 h5 13.Be3 h4 14.Qf3 Bxe3 15.Qxe3 h3
16.gxh3 b5 17.Rf3 Bb7 18.Nd4 Nxd4 19.Qxd4 Qc5 20.Qe3 b4 21.Nd1 Qxe3 22.Rxe3 Rh4
23.Nf2 Rxf4 24.Kg1 a5 25.a3 Nd7 26.axb4 axb4 27.Rxa8+ Bxa8 28.Bf1 Nc5 29.Bg2 f5
30.exf5 Bxg2 31.Kxg2 Rxf5 32.Nd3 Nxd3 33.cxd3 Ke7 34.Re4 Rd5 35.d4 Rf5 36.h4 Kf6
37.Kg3 Rf1 38.d5 exd5 39.Rxb4 Ke5 40.Kg2 Rf6 41.Ra4 d4 42.b4 d3 43.b5 d2
44.Ra1 Kd4 45.b6 Rf7 46.Ra7 Rf8 47.Ra1 Ke3 48.b7 Ke2  0-1

[Event "Yerevan"]
[Site "Yerevan"]
[Date "1977.??.??"]
[Round "12"]
[White "Malevinsky, Alexander A"]
[Black "Akopian, Gagnik E"]
[Result "1-0"]
[WhiteElo "2440"]
[BlackElo "2335"]

1.e4 c5 2.Nf3 e6 3.d4 cxd4 4.Nxd4 a6 5.Bd3 Ne7 6.f4 Nbc6 7.Nf3 d5 8.e5 Qb6
9.c3 g6 10.Qe2 Nf5 11.g4 Ng7 12.Be3 Bc5 13.Bxc5 Qxc5 14.Rf1 h5 15.h3 Bd7
16.Nbd2 hxg4 17.hxg4 O-O-O 18.Nb3 Qb6 19.Qf2 Qxf2+ 20.Kxf2 Rdf8 21.Rh1 Ne8
22.Kg3 f5 23.Ng5 Ne7 24.Nc5 Ng7 25.Rxh8 Rxh8 26.Nf7 Rh7 27.Nd6+ Kc7 28.Ndxb7 fxg4
29.Kxg4 Bb5 30.Bxb5 axb5 31.Nd6 Rh2 32.b4 Nef5 33.Nxb5+ Kb6 34.a4 Nh5 35.Rg1 Rh4+
36.Kg5 Nxf4 37.Kf6 Rh8 38.Nxe6 Nxe6 39.Kxe6 Re8+ 40.Kxd5  1-0

[Event "URS-FL"]
[Site "Ashkhabad"]
[Date "1978.??.??"]
[Round "14"]
[White "Savon, Vladimir A"]
[Black "Kochyev, Alexander"]
[Result "0-1"]
[WhiteElo "2550"]
[BlackElo "2555"]

1.e4 c5 2.Nf3 e6 3.d4 cxd4 4.Nxd4 a6 5.Bd3 Nf6 6.O-O Qc7 7.c4 Nc6 8.Nf3 Ng4
9.g3 Bd6 10.Be2 h5 11.Kg2 b6 12.h3 Nf6 13.Nc3 Bb7 14.Be3 Ne5 15.Qd4 Ng6 16.Qxb6 Qxb6
17.Bxb6 Nxe4 18.Nxe4 Bxe4 19.Rad1 Be5 20.Bd4 h4 21.Kh2 Bxd4 22.Rxd4 Bxf3
23.Bxf3 Rb8 24.b3 hxg3+ 25.Kxg3 a5 26.Rfd1 Ne5 27.h4 a4 28.bxa4 Rb2 29.c5 Rxa2
30.Be4 Ra3+ 31.f3 Ke7 32.Rb4 Rc8 33.Rc1 f5 34.Bb7 Rc7 35.Rf1 Rxc5 36.Ba6 Rcc3
37.Be2 Ra2 38.Bb5 Kf6 39.Rd4 d5 40.h5 Rcc2  0-1

[Event "FRG-ch"]
[Site "Bad Neuenahr"]
[Date "1978.??.??"]
[Round "3"]
[White "Ostermeyer, Peter"]
[Black "Gerusel, Mathias"]
[Result "1/2-1/2"]
[WhiteElo "2400"]
[BlackElo "2410"]

1.e4 c5 2.Nf3 e6 3.d4 cxd4 4.Nxd4 a6 5.Bd3 g6 6.c4 Bg7 7.Be3 Nc6 8.Nxc6 dxc6
9.Nc3 Qa5 10.Rc1 Nf6 11.O-O O-O 12.Qe2 e5 13.f3 Be6 14.Qf2 Nd7 15.Rb1 b5
16.b4 Qc7 17.Rfc1 Qb7 18.a4 bxc4 19.Be2 Rfb8 20.Qf1 a5 21.b5 Nb6 22.Qf2 Nd7
23.Qf1 Nb6 24.Kh1 Bf8 25.Bxb6 Qxb6 26.Bxc4 Bxc4 27.Qxc4 Qd4 28.Qxc6 Rc8 29.Qd5 Ba3
30.Rc2 Qxd5 31.exd5 Rc4 32.b6 Rb8 33.h3 Bb4 34.Rbc1 Rxb6 35.Nb5 Rxc2 36.Rxc2 Rb8
37.Rc6 Rd8 38.d6 f5 39.Kg1 Kf7 40.Kf1 Ke6 41.Ke2  1/2-1/2